[Event "IX Festival A"]
[Site "Montecatini Terme ITA"]
[Date "2000.07.29"]
[Round "1"]
[White "Baccaro, Franco"]
[Black "Grigore, George-Gabriel"]
[Result "0-1"]
[WhiteElo "2188"]
[BlackElo "2508"]
[PlyCount "60"]
[EventDate "2000.07.29"]

1. d4 Nf6 2. Nf3 g6 3. Nc3 d5 4. Bf4 Bg7 5. e3 c6 6. Bd3 Bg4 7. h3 Bxf3 8. Qxf3
Nbd7 9. g4 O-O 10. h4 Re8 11. Qg3 e5 12. dxe5 Nxe5 13. Bxe5 Ne4 14. Nxe4 Bxe5
15. Qf3 dxe4 16. Bxe4 Bxb2 17. Rd1 Qa5+ 18. Kf1 Rad8 19. Rxd8 Rxd8 20. h5 Qxa2
21. Kg2 a5 22. g5 a4 23. Rd1 Rxd1 24. Qxd1 Bg7 25. h6 Qe6 26. f3 Bf8 27. Qd4 a3
28. c4 a2 29. Kf2 Qd6 30. Qc3 a1=Q 0-1

[Event "IX Festival A"]
[Site "Montecatini Terme ITA"]
[Date "2000.07.29"]
[Round "1"]
[White "Basciu, Simone"]
[Black "Vezzosi, Paolo"]
[Result "0-1"]
[WhiteElo "2147"]
[BlackElo "2421"]
[PlyCount "55"]
[EventDate "2000.07.29"]

1. d4 Nf6 2. Nf3 b6 3. c4 e6 4. e3 Bb7 5. Bd3 Be7 6. O-O O-O 7. Nbd2 c5 8. b3
cxd4 9. exd4 Nc6 10. Bb2 d5 11. Rc1 Rc8 12. Qe2 Rc7 13. Rfd1 Qa8 14. a3 Rfc8
15. c5 bxc5 16. dxc5 a5 17. Ng5 h6 18. Nxe6 fxe6 19. Qxe6+ Kf8 20. Bxf6 Bxf6
21. Bh7 Ne7 22. b4 Qa6 23. Qg4 Bc6 24. Nf3 Bd7 25. Qf4 g5 26. Qd2 axb4 27. axb4
Bg4 28. Ra1 0-1

[Event "IX Festival A"]
[Site "Montecatini Terme ITA"]
[Date "2000.07.29"]
[Round "1"]
[White "Bracaglia, Carlo"]
[Black "Borgo, Giulio"]
[Result "0-1"]
[WhiteElo "2134"]
[BlackElo "2391"]
[PlyCount "104"]
[EventDate "2000.07.29"]

1. e4 c5 2. Nf3 e6 3. d4 cxd4 4. Nxd4 Nc6 5. Nc3 a6 6. Be2 d6 7. O-O Nf6 8. Be3
Bd7 9. Nb3 Na5 10. Qd4 Be7 11. Rad1 O-O 12. f4 Bc6 13. e5 Nxb3 14. axb3 dxe5
15. Qxe5 Qb8 16. Bf3 Rc8 17. Qxb8 Raxb8 18. Bd4 Bxf3 19. Rxf3 Rc6 20. Be5 Rbc8
21. Rfd3 h6 22. Bd6 Kf8 23. h3 b5 24. b4 Rc4 25. Bxe7+ Kxe7 26. Rd4 g5 27. fxg5
hxg5 28. Rd6 Rxb4 29. Rxa6 Rxb2 30. Ra7+ Kf8 31. Rf1 Kg7 32. Nd1 Rbxc2 33. Rb7
R8c5 34. Ne3 Rc1 35. Rxc1 Rxc1+ 36. Kf2 Rc5 37. Ke2 Nd5 38. Ng4 Nf4+ 39. Kf3
Kg6 40. Ne3 Nd5 41. Ng4 f6 42. Nf2 Rc3+ 43. Ke2 b4 44. Nd3 b3 45. g4 Nf4+ 46.
Nxf4+ gxf4 47. h4 Rh3 48. h5+ Kg5 49. Rg7+ Kh4 50. h6 b2 51. h7 b1=Q 52. h8=Q+
Kg3 0-1

[Event "IX Festival A"]
[Site "Montecatini Terme ITA"]
[Date "2000.07.29"]
[Round "1"]
[White "Brancaleoni, Maurizio"]
[Black "Sulava, Nenad"]
[Result "1/2-1/2"]
[WhiteElo "2199"]
[BlackElo "2549"]
[PlyCount "142"]
[EventDate "2000.07.29"]

1. Nf3 c5 2. e4 e6 3. c4 b6 4. Nc3 Bb7 5. Bd3 Nc6 6. O-O g5 7. b3 Bg7 8. Bb2 d6
9. Rb1 g4 10. Ne1 h5 11. Ne2 Bxb2 12. Rxb2 Qf6 13. Qc1 Nge7 14. Bb1 O-O-O 15.
d3 h4 16. f3 gxf3 17. Nxf3 Rdg8 18. Nf4 Rg4 19. Nh3 Rhg8 20. Nfg5 Qd4+ 21. Kh1
R4xg5 22. Nxg5 Rxg5 23. Qxg5 Qxb2 24. Qxh4 Kd7 25. Qf2 Qxf2 26. Rxf2 f5 27. Kg1
Nd4 28. Kf1 Ng6 29. exf5 exf5 30. Rb2 Ne5 31. h3 f4 32. Rf2 f3 33. gxf3 Bxf3
34. Rb2 a5 35. Kf2 Ke6 36. Ke3 Bh5 37. Rg2 Bg6 38. Rg1 b5 39. Rh1 b4 40. Rg1
Kf6 41. Rf1+ Bf5 42. Rh1 Kg5 43. Rg1+ Kh4 44. Rg8 Kxh3 45. Rd8 Bd7 46. Ra8 Nec6
47. Ke4 Be6 48. Ke3 Kg4 49. Rf8 Kg5 50. Ra8 Kf5 51. Kd2 Ke5 52. Rh8 Bf5 53. Ke3
Ne7 54. Re8 Ke6 55. Ra8 Nec6 56. Rg8 Kd7 57. Rg7+ Ne7 58. Kd2 d5 59. cxd5 Kd6
60. Bc2 a4 61. bxa4 Nxc2 62. Kxc2 c4 63. a5 Bxd3+ 64. Kc1 Nxd5 65. a6 c3 66. a7
Nf4 67. Rg2 Be4 68. Rh2 Ke5 69. Rc2 Nd3+ 70. Kd1 Bf3+ 71. Re2+ Kd4 1/2-1/2

[Event "IX Festival A"]
[Site "Montecatini Terme ITA"]
[Date "2000.07.29"]
[Round "1"]
[White "Citti, Gianluca"]
[Black "Farago, Ivan"]
[Result "0-1"]
[WhiteElo "2170"]
[BlackElo "2486"]
[PlyCount "84"]
[EventDate "2000.07.29"]

1. e4 c5 2. Nc3 e6 3. Nge2 Qc7 4. g3 Nf6 5. Bg2 Nc6 6. O-O Be7 7. d3 O-O 8. h3
d6 9. g4 Rb8 10. f4 Nd7 11. f5 Qd8 12. Nf4 Nde5 13. Nh5 Kh8 14. Kh1 Rg8 15. Be3
g6 16. fxg6 fxg6 17. Nf4 Bd7 18. Qd2 Qb6 19. Nce2 Rbf8 20. c3 Qa6 21. d4 Nc4
22. Qc1 Nxe3 23. Qxe3 cxd4 24. cxd4 Qb6 25. Qb3 Nd8 26. Qxb6 axb6 27. Nc3 Bg5
28. Nfe2 Nf7 29. a4 Kg7 30. b4 Rc8 31. Rf3 Rgd8 32. Raf1 Be8 33. Nb5 Rc4 34.
Nec3 Bd2 35. Rd3 Bxc3 36. Rxc3 Bxb5 37. Rxf7+ Kxf7 38. Rf3+ Ke7 39. axb5 Rxb4
40. Bf1 Rf8 41. Rxf8 Kxf8 42. d5 Rxe4 0-1

[Event "IX Festival A"]
[Site "Montecatini Terme ITA"]
[Date "2000.07.29"]
[Round "1"]
[White "De Gleria, Francesco"]
[Black "Facchetti, Gianni"]
[Result "1-0"]
[WhiteElo "2446"]
[BlackElo "2154"]
[PlyCount "54"]
[EventDate "2000.07.29"]

1. e4 e5 2. Nf3 Nc6 3. d4 exd4 4. Nxd4 Bc5 5. Nb3 Be7 6. Nc3 d6 7. Be2 Nf6 8.
O-O O-O 9. f4 a5 10. Be3 a4 11. Nd4 Nxd4 12. Qxd4 a3 13. b3 c6 14. Bf3 Bg4 15.
Rad1 Bxf3 16. gxf3 Qc8 17. f5 Nh5 18. Qd3 g6 19. Kh1 b5 20. Rg1 Rd8 21. f4 Kf8
22. fxg6 hxg6 23. f5 gxf5 24. Bb6 Nf6 25. Qh3 Ke8 26. e5 dxe5 27. Qh8+ Bf8 1-0

[Event "IX Festival A"]
[Site "Montecatini Terme ITA"]
[Date "2000.07.29"]
[Round "1"]
[White "Farina, Saverio"]
[Black "Naumkin, Igor"]
[Result "0-1"]
[WhiteElo "2153"]
[BlackElo "2440"]
[PlyCount "72"]
[EventDate "2000.07.29"]

1. c4 e5 2. e3 Nf6 3. d4 exd4 4. exd4 d5 5. Nc3 Bb4 6. Nf3 O-O 7. Be2 dxc4 8.
Bxc4 Qe7+ 9. Be3 Be6 10. Bxe6 Qxe6 11. O-O Bxc3 12. bxc3 Nbd7 13. Qb3 Nd5 14.
c4 Nxe3 15. fxe3 b6 16. Rae1 c5 17. d5 Qe4 18. Nd2 Qg6 19. Rf3 Rae8 20. Rg3 Qd6
21. Nf3 g6 22. Qc3 Nf6 23. Qd3 Ne4 24. Rh3 f5 25. Nd2 Nf6 26. Rg3 Ng4 27. Rf1
Qe5 28. e4 fxe4 29. Rxf8+ Kxf8 30. Qf1+ Kg8 31. Rxg4 Qd4+ 32. Kh1 Qxd2 33. h3
e3 34. Qf6 Qf2 35. Rf4 Qxf4 36. Qxf4 e2 0-1

[Event "IX Festival A"]
[Site "Montecatini Terme ITA"]
[Date "2000.07.29"]
[Round "1"]
[White "Genocchio, Daniele"]
[Black "Sax, Gyula"]
[Result "0-1"]
[WhiteElo "2201"]
[BlackElo "2563"]
[PlyCount "54"]
[EventDate "2000.07.29"]

1. e4 c5 2. Nf3 e6 3. d3 d5 4. Qe2 Ne7 5. g3 Nbc6 6. h4 e5 7. Bg2 Bg4 8. c3 f6
9. Nbd2 Qd7 10. Nf1 d4 11. N1h2 Be6 12. cxd4 Nxd4 13. Nxd4 Qxd4 14. O-O Nc6 15.
Be3 Qd7 16. f4 Rd8 17. Rad1 Bxa2 18. fxe5 Nxe5 19. b4 Bb3 20. bxc5 Bxd1 21.
Rxd1 Qb5 22. Bf1 Bxc5 23. Bxc5 Qxc5+ 24. d4 Rxd4 25. Qb5+ Qxb5 26. Bxb5+ Rd7
27. Ng4 Nc6 0-1

[Event "IX Festival A"]
[Site "Montecatini Terme ITA"]
[Date "2000.07.29"]
[Round "1"]
[White "Godena, Michele"]
[Black "De Kleuver, Esther"]
[Result "1-0"]
[WhiteElo "2485"]
[BlackElo "2167"]
[PlyCount "55"]
[EventDate "2000.07.29"]

1. e4 c5 2. Nf3 e6 3. c3 d5 4. exd5 Qxd5 5. d4 Nf6 6. Na3 cxd4 7. Nb5 Qd8 8.
Nbxd4 Be7 9. Bd3 O-O 10. Qe2 Nbd7 11. O-O a6 12. Re1 Nb6 13. a3 Re8 14. Ne5
Nbd5 15. Ndf3 h6 16. c4 Nb6 17. Bd2 Bd6 18. Rad1 Nbd7 19. Bc2 Nxe5 20. Nxe5 Qc7
21. Bc3 Bf8 22. Qd3 Bc5 23. Ng4 Nh5 24. b4 Ba7 25. Qh7+ Kf8 26. Be5 Qxc4 27.
Bd6+ Re7 28. Qh8# 1-0

[Event "IX Festival A"]
[Site "Montecatini Terme ITA"]
[Date "2000.07.29"]
[Round "1"]
[White "Komarov, Dimitri"]
[Black "Pantaleoni, Claudio"]
[Result "1/2-1/2"]
[WhiteElo "2556"]
[BlackElo "2201"]
[PlyCount "83"]
[EventDate "2000.07.29"]

1. d4 e6 2. c4 b6 3. a3 Bb7 4. Nc3 f5 5. d5 Nf6 6. g3 Bd6 7. Bg2 Be5 8. Bd2 O-O
9. Rc1 c6 10. dxe6 dxe6 11. Nf3 Bxc3 12. Bxc3 Ne4 13. Nd2 Nxc3 14. Rxc3 Qf6 15.
c5 Nd7 16. cxb6 axb6 17. O-O Rfd8 18. Qc2 Nc5 19. b4 Na4 20. Re3 Qb2 21. Qxb2
Nxb2 22. Nb1 Rd6 23. Rc3 b5 24. e3 Rad8 25. Bf3 e5 26. Be2 Na4 27. Rcc1 Nb6 28.
Rfd1 Kf7 29. Kf1 Bc8 30. Rxd6 Rxd6 31. Ke1 Be6 32. Nd2 Kf6 33. e4 g6 34. h4 Bf7
35. Bf1 Nd7 36. Rc3 Ke7 37. Bg2 f4 38. gxf4 exf4 39. Nf3 Bc4 40. Bf1 Nb6 41.
Ne5 Re6 42. Nxc4 1/2-1/2

[Event "IX Festival A"]
[Site "Montecatini Terme ITA"]
[Date "2000.07.29"]
[Round "1"]
[White "Ortega, Lexy"]
[Black "Mambrini, Augusto"]
[Result "1-0"]
[WhiteElo "2491"]
[BlackElo "2185"]
[PlyCount "64"]
[EventDate "2000.07.29"]

1. d4 Nf6 2. Nf3 e6 3. Bf4 b6 4. e3 Bb7 5. Nbd2 c5 6. Nc4 d5 7. Nce5 Nfd7 8.
Bb5 a6 9. Ng5 axb5 10. Nexf7 Qf6 11. Nxh8 g6 12. Nhf7 h6 13. Be5 Nxe5 14. dxe5
Qg7 15. Nxh6 Qxh6 16. Nxe6 Na6 17. Qe2 Bc6 18. f4 Be7 19. h4 Bd7 20. Ng5 Bxg5
21. fxg5 Qg7 22. e6 Bc6 23. O-O O-O-O 24. Rf6 Re8 25. a4 Nc7 26. axb5 Bb7 27.
Qg4 Kb8 28. Qf4 Qe7 29. Rf7 Qd8 30. Rd7 Qc8 31. Qa4 Nxb5 32. Qxb5 Rxe6 1-0

[Event "IX Festival A"]
[Site "Montecatini Terme ITA"]
[Date "2000.07.29"]
[Round "1"]
[White "Palac, Mladen"]
[Black "Gorelli Fagiolini, Marco"]
[Result "1-0"]
[WhiteElo "2573"]
[BlackElo "2203"]
[PlyCount "105"]
[EventDate "2000.07.29"]

1. e4 e6 2. d4 d5 3. Nd2 c5 4. exd5 exd5 5. Ngf3 Nf6 6. Bb5+ Bd7 7. Bxd7+ Nbxd7
8. O-O Be7 9. dxc5 Nxc5 10. Nb3 Nce4 11. Nfd4 Qd7 12. f3 Nd6 13. Nc5 Qc8 14.
Nd3 O-O 15. Re1 Re8 16. c3 a5 17. a4 Bf8 18. Rxe8 Ndxe8 19. Bg5 g6 20. Qb3 Ra6
21. Re1 Bg7 22. Re7 Nd6 23. Bf4 Nfe8 24. Qxd5 Bxd4+ 25. cxd4 Qc2 26. Bxd6 Nxd6
27. Nc5 Rc6 28. b3 Qc1+ 29. Kf2 Qf4 30. g3 Qf5 31. Qxf5 Nxf5 32. Rxb7 Nxd4 33.
Ne4 f5 34. Ng5 Rc3 35. b4 h6 36. Nf7 axb4 37. Ne5 b3 38. Nxg6 Rxf3+ 39. Ke1 Rc3
40. Kd2 Rc4 41. a5 Ra4 42. Ne7+ Kf8 43. Kc3 Ne2+ 44. Kd3 Nc1+ 45. Kd2 Rxa5 46.
Kxc1 Ra1+ 47. Kb2 Ra2+ 48. Kxb3 Rxh2 49. Nxf5 h5 50. Kc4 Rf2 51. Nh4 Rf1 52.
Kd4 Rg1 53. Nf5 1-0

[Event "IX Festival A"]
[Site "Montecatini Terme ITA"]
[Date "2000.07.29"]
[Round "1"]
[White "Scharrer, Patrick"]
[Black "Di Lao, Riccardo"]
[Result "0-1"]
[WhiteElo "1825"]
[BlackElo "2138"]
[PlyCount "60"]
[EventDate "2000.07.29"]

1. e4 c5 2. Nf3 e6 3. d4 cxd4 4. Nxd4 Nf6 5. Nc3 d6 6. f3 a6 7. Be3 h5 8. Qd2
b5 9. O-O-O Bb7 10. Nb3 Nbd7 11. g3 Ne5 12. Qf2 Nfd7 13. h3 Rc8 14. Rh2 Be7 15.
f4 Nc4 16. Bxc4 Rxc4 17. Nd2 Rc8 18. e5 d5 19. Nb3 Qc7 20. g4 b4 21. Nb1 a5 22.
Qe2 a4 23. Nd4 hxg4 24. hxg4 Rxh2 25. Qxh2 Ba6 26. Nd2 b3 27. axb3 a3 28. Qh8+
Nf8 29. Kb1 axb2 30. Kxb2 Qc3+ 0-1

[Event "IX Festival A"]
[Site "Montecatini Terme ITA"]
[Date "2000.07.29"]
[Round "1"]
[White "Sciortino, Massimo"]
[Black "Dervishi, Erald"]
[Result "0-1"]
[WhiteElo "2166"]
[BlackElo "2478"]
[PlyCount "62"]
[EventDate "2000.07.29"]

1. e4 e5 2. Nf3 Nc6 3. Bb5 a6 4. Ba4 Nf6 5. O-O Be7 6. Bxc6 dxc6 7. d3 Nd7 8.
Nbd2 O-O 9. Nc4 f6 10. Nh4 Nc5 11. Qf3 Ne6 12. Nf5 Nd4 13. Nxd4 Qxd4 14. c3 Qd8
15. Rd1 Be6 16. Ne3 Qc8 17. d4 exd4 18. cxd4 f5 19. d5 fxe4 20. Qxe4 cxd5 21.
Nxd5 Bxd5 22. Qxd5+ Kh8 23. Be3 Bf6 24. Qb3 a5 25. Rac1 a4 26. Qb4 Re8 27. Rd2
c6 28. Rcd1 Re5 29. g3 Rb5 30. Qa3 Qf8 31. Rd8 Rxd8 0-1

[Event "IX Festival A"]
[Site "Montecatini Terme ITA"]
[Date "2000.07.29"]
[Round "1"]
[White "Skembris, Spyridon"]
[Black "Ventura, Boris"]
[Result "1-0"]
[WhiteElo "2475"]
[BlackElo "2162"]
[PlyCount "67"]
[EventDate "2000.07.29"]

1. d4 Nf6 2. c4 d6 3. Nc3 g6 4. e4 Bg7 5. Bd3 O-O 6. Nge2 c5 7. d5 e6 8. O-O
exd5 9. cxd5 Re8 10. Rb1 Na6 11. f3 Nc7 12. b4 b6 13. Bg5 h6 14. Bh4 g5 15. Bf2
Nd7 16. Nb5 Ne5 17. Nxc7 Qxc7 18. Bb5 Bd7 19. bxc5 bxc5 20. Ng3 Rab8 21. Bxd7
Qxd7 22. Nf5 Rb6 23. h4 Reb8 24. Rxb6 Rxb6 25. Bg3 Ng6 26. h5 Ne7 27. Nxg7 Kxg7
28. f4 f6 29. Be1 Ng8 30. Bc3 Qe8 31. Qf3 Qe7 32. e5 dxe5 33. fxe5 fxe5 34. Qf5
1-0

[Event "IX Festival A"]
[Site "Montecatini Terme ITA"]
[Date "2000.07.29"]
[Round "1"]
[White "Solinas, Carlo"]
[Black "Mola, Pietro"]
[Result "0-1"]
[WhiteElo "2058"]
[BlackElo "2250"]
[PlyCount "58"]
[EventDate "2000.07.29"]

1. e4 e5 2. Nf3 Nf6 3. d4 Nxe4 4. Bd3 d5 5. Nxe5 Nd7 6. Nc3 Nxc3 7. bxc3 Bd6 8.
Qh5 g6 9. Nxg6 fxg6 10. Bxg6+ Ke7 11. Bg5+ Nf6 12. Qh4 Qf8 13. Bd3 h6 14. Bd2
Be6 15. f4 Kd7 16. f5 Bg8 17. O-O Re8 18. Rae1 Rxe1 19. Rxe1 Qg7 20. Re3 Bf7
21. Rh3 Rg8 22. Bf1 h5 23. c4 dxc4 24. d5 Ng4 25. Kh1 Qd4 26. Be3 Qd1 27. Kg1
Nxe3 28. Rxe3 Bc5 29. Qf2 Re8 0-1

[Event "IX Festival A"]
[Site "Montecatini Terme ITA"]
[Date "2000.07.29"]
[Round "1"]
[White "Tischbierek, Raj"]
[Black "Wagman, Stuart"]
[Result "1-0"]
[WhiteElo "2521"]
[BlackElo "2190"]
[PlyCount "87"]
[EventDate "2000.07.29"]

1. e4 e5 2. Nf3 Nc6 3. Bc4 Nf6 4. d3 Bc5 5. c3 d6 6. O-O O-O 7. Bb3 a6 8. Nbd2
Ba7 9. Re1 Ng4 10. Re2 Kh8 11. h3 Nh6 12. Nf1 f5 13. Bg5 Qe8 14. Bxh6 gxh6 15.
exf5 Bxf5 16. Bd5 Nd8 17. d4 c6 18. Be4 Ne6 19. Ng3 Bxe4 20. Rxe4 Nf4 21. Nh4
Qe6 22. Qg4 Qxg4 23. hxg4 exd4 24. Nhf5 Ng6 25. cxd4 d5 26. Re6 Rae8 27. Rae1
Rxe6 28. Rxe6 Bb8 29. Nh5 Nf4 30. Rxh6 Nxh5 31. Rxh5 Re8 32. Kf1 Bf4 33. g3 Bc1
34. b3 Re6 35. f3 Bd2 36. Rh2 Re1+ 37. Kf2 Re6 38. Rh1 Bb4 39. Rc1 Kg8 40. f4
b6 41. g5 c5 42. Kf3 a5 43. Rd1 c4 44. Ne3 1-0

[Event "IX Festival A"]
[Site "Montecatini Terme ITA"]
[Date "2000.07.29"]
[Round "1"]
[White "Van Esch, Sebastian"]
[Black "Zelcic, Robert"]
[Result "1/2-1/2"]
[WhiteElo "2158"]
[BlackElo "2457"]
[PlyCount "129"]
[EventDate "2000.07.29"]

1. d4 Nf6 2. c4 e6 3. Nf3 c5 4. g3 cxd4 5. Nxd4 Bb4+ 6. Nc3 Ne4 7. Bd2 Bxc3 8.
bxc3 Nxd2 9. Qxd2 a6 10. c5 d6 11. cxd6 Qxd6 12. Bg2 O-O 13. Qb2 Qc7 14. O-O
Nd7 15. c4 Nc5 16. Qa3 e5 17. Nb3 Ne6 18. c5 a5 19. Rac1 Bd7 20. c6 Bxc6 21.
Bxc6 bxc6 22. Rc4 Rfd8 23. Rfc1 Rd6 24. Qa4 Qd8 25. Kg2 h5 26. Rxc6 Rxc6 27.
Qxc6 a4 28. Nd2 Ra7 29. Qc8 Qxc8 30. Rxc8+ Kh7 31. e3 f6 32. Rc6 Nc7 33. Ne4
Nd5 34. a3 Rb7 35. Rc5 Ne7 36. Ra5 Rb2 37. Rxa4 Nd5 38. Kf1 Kg6 39. Ra5 Nb6 40.
Nd6 Rd2 41. Ne4 Rc2 42. h3 Rc4 43. Rb5 Nd7 44. Rb7 Nf8 45. Rb4 Rc1+ 46. Ke2 Ra1
47. a4 Nd7 48. g4 h4 49. Nd6 Nc5 50. Nf5 Ra2+ 51. Kf1 Kf7 52. Nxh4 Ke6 53. e4
Kd7 54. Nf5 g6 55. Ne3 Nd3 56. Rb6 Nf4 57. Ke1 Nd3+ 58. Kf1 Rxf2+ 59. Kg1 Rf3
60. Nd5 Rxh3 61. a5 Nf4 62. a6 Nxd5 63. exd5 f5 64. a7 Ra3 65. Rxg6 1/2-1/2

[Event "IX Festival A"]
[Site "Montecatini Terme ITA"]
[Date "2000.07.29"]
[Round "1"]
[White "Van der Werf, Mark"]
[Black "Della Pietra, Andrea"]
[Result "1-0"]
[WhiteElo "2429"]
[BlackElo "2153"]
[PlyCount "47"]
[EventDate "2000.07.29"]

1. d4 Nf6 2. c4 g6 3. Nc3 Bg7 4. e4 d6 5. Bd3 O-O 6. Nge2 e5 7. d5 a5 8. f3 Na6
9. Bg5 h6 10. Be3 Kh7 11. Qd2 Bd7 12. O-O Ng8 13. Bc2 h5 14. Rf2 Bh6 15. f4 Qe7
16. Raf1 Nc5 17. fxe5 dxe5 18. d6 cxd6 19. Nd5 Qd8 20. Rxf7+ Rxf7 21. Rxf7+ Bg7
22. Bg5 Qe8 23. Rxg7+ Kxg7 24. Nc7 1-0

[Event "IX Festival A"]
[Site "Montecatini Terme ITA"]
[Date "2000.07.30"]
[Round "2"]
[White "Belotti, Bruno"]
[Black "Hermann, Arnd"]
[Result "1-0"]
[WhiteElo "2417"]
[BlackElo "2120"]
[PlyCount "47"]
[EventDate "2000.07.29"]

1. e4 c6 2. d4 g6 3. Bd3 Bg7 4. c3 d6 5. Ne2 e5 6. O-O Ne7 7. a4 O-O 8. dxe5
dxe5 9. Na3 Qc7 10. Be3 Be6 11. Bc4 Bxc4 12. Nxc4 Rd8 13. Qb3 b6 14. f4 Nd7 15.
fxe5 Rf8 16. e6 fxe6 17. Nf4 c5 18. Nxe6 Rxf1+ 19. Rxf1 Qc6 20. Nxg7 Kxg7 21.
Rf7+ Kxf7 22. Nd6+ Kg7 23. Qf7+ Kh8 24. Bh6 1-0

[Event "IX Festival A"]
[Site "Montecatini Terme ITA"]
[Date "2000.07.30"]
[Round "2"]
[White "Borgo, Giulio"]
[Black "Ferri, Stefano"]
[Result "1-0"]
[WhiteElo "2391"]
[BlackElo "2089"]
[PlyCount "73"]
[EventDate "2000.07.29"]

1. e4 c5 2. Nf3 Nf6 3. Nc3 e6 4. e5 Nd5 5. Nxd5 exd5 6. d4 Nc6 7. c3 d6 8. exd6
Bxd6 9. Be2 cxd4 10. Nxd4 O-O 11. Be3 Nxd4 12. Qxd4 Be6 13. Bf3 Qa5 14. O-O
Rfd8 15. Rfd1 Qb5 16. Rd2 Be7 17. Qd3 Qa5 18. a3 Rd7 19. Bd1 Rc8 20. Bd4 a6 21.
Qg3 Bf8 22. Bc2 Qd8 23. Re1 Rc6 24. Rde2 b5 25. h4 Qc7 26. Be5 Qd8 27. h5 f6
28. Bd4 Bf7 29. Qd3 g6 30. Qg3 Qc7 31. Qg4 g5 32. Bxf6 Rxf6 33. Qxg5+ Bg7 34.
Bf5 Rd8 35. Re7 Qc4 36. h6 Rxh6 37. Rxf7 1-0

[Event "IX Festival A"]
[Site "Montecatini Terme ITA"]
[Date "2000.07.30"]
[Round "2"]
[White "D'Innocente, Stefano"]
[Black "Guido, Flavio"]
[Result "0-1"]
[WhiteElo "2025"]
[BlackElo "2303"]
[PlyCount "102"]
[EventDate "2000.07.29"]

1. e4 c5 2. Nf3 e6 3. d4 cxd4 4. Nxd4 Nf6 5. Nc3 d6 6. Bc4 a6 7. Bb3 b5 8. O-O
b4 9. Na4 Bd7 10. c3 a5 11. f4 Nc6 12. Qf3 Rc8 13. g4 d5 14. exd5 Nxd4 15. cxd4
Nxd5 16. f5 Be7 17. Bxd5 exd5 18. Nc5 O-O 19. Nxd7 Qxd7 20. g5 Rc6 21. Bd2 Rfc8
22. Rae1 Rc4 23. Bf4 Rxd4 24. Be5 Re4 25. Rxe4 dxe4 26. Qxe4 Bxg5 27. f6 g6 28.
h4 Bh6 29. h5 Qe6 30. hxg6 hxg6 31. Kg2 Rc4 32. Qe2 Qd5+ 33. Rf3 Re4 34. Qc2
Rxe5 35. Qc8+ Kh7 36. Qh3 Rf5 37. Kf2 Rxf3+ 38. Qxf3 Qxf3+ 39. Kxf3 Bg5 40. a3
b3 41. a4 Bxf6 42. Ke2 Bxb2 43. Kd2 g5 44. Kd3 Be5 45. Kd2 b2 46. Kc2 g4 47.
Kb1 g3 48. Ka2 g2 49. Ka3 g1=Q 50. Kb3 b1=Q+ 51. Kc4 Qd4# 0-1

[Event "IX Festival A"]
[Site "Montecatini Terme ITA"]
[Date "2000.07.30"]
[Round "2"]
[White "Dervishi, Erald"]
[Black "Menoni, Vincenzo"]
[Result "1-0"]
[WhiteElo "2478"]
[BlackElo "2240"]
[PlyCount "115"]
[EventDate "2000.07.29"]

1. e4 e6 2. d4 d5 3. Nd2 Nf6 4. e5 Nfd7 5. Bd3 c5 6. c3 Nc6 7. Ne2 cxd4 8. cxd4
f6 9. exf6 Nxf6 10. Nf3 Bd6 11. O-O Qc7 12. Bg5 O-O 13. Rc1 Bd7 14. Ng3 Bf4 15.
Bxf4 Qxf4 16. Re1 a6 17. Bb1 Rac8 18. Rc3 g6 19. Qc1 Qxc1 20. Rexc1 Ng4 21. h3
Nh6 22. Ne2 Nf7 23. a3 Nd6 24. Bd3 b5 25. Nd2 Na5 26. Rc7 Bc6 27. Rxc8 Rxc8 28.
b3 Bd7 29. Rxc8+ Bxc8 30. f4 Kg7 31. Kf2 Nc6 32. g4 Bd7 33. Ke3 a5 34. Nf3 a4
35. bxa4 bxa4 36. Ne5 Be8 37. Kd2 Na5 38. Kc3 Nb3 39. Kb4 Kf6 40. h4 h5 41. g5+
Kg7 42. Nf3 Bd7 43. Nc3 Nc1 44. Bc2 Be8 45. Nxa4 Na2+ 46. Kb3 Nc1+ 47. Kb2 Ne2
48. Nc5 Nxf4 49. a4 Kf7 50. Kc3 Ke7 51. a5 Nb5+ 52. Kd2 Na7 53. Nd3 Ng2 54.
Nde5 Nf4 55. Ke3 Ng2+ 56. Kf2 Nf4 57. Bd1 Nc6 58. Kg3 1-0

[Event "IX Festival A"]
[Site "Montecatini Terme ITA"]
[Date "2000.07.30"]
[Round "2"]
[White "Di Lao, Riccardo"]
[Black "Lanzani, Mario"]
[Result "0-1"]
[WhiteElo "2138"]
[BlackElo "2419"]
[PlyCount "86"]
[EventDate "2000.07.29"]

1. d4 Nf6 2. c4 e6 3. Nf3 b6 4. g3 Bb7 5. Bg2 Bb4+ 6. Kf1 Be7 7. a3 O-O 8. Nc3
d5 9. Ne5 c5 10. dxc5 bxc5 11. Qb3 Qb6 12. Qxb6 axb6 13. Nb5 Nc6 14. Bf4 Nxe5
15. Bxe5 Nd7 16. Bd6 Bxd6 17. Nxd6 Bc6 18. f4 Nf6 19. cxd5 exd5 20. Nc4 Rfe8
21. Bf3 Ne4 22. Ne5 Nd2+ 23. Kf2 Nxf3 24. exf3 Bb5 25. Rhe1 f6 26. Ng4 d4 27.
h4 Kf7 28. Rad1 Ba4 29. Rd2 Rxe1 30. Kxe1 Bb5 31. Kf2 h5 32. Nh2 f5 33. g4 g6
34. g5 Re8 35. Nf1 Bxf1 36. Kxf1 Re3 37. Kf2 Ke6 38. a4 Kd5 39. Rc2 c4 40. Rd2
Re6 41. Rd1 d3 42. b3 cxb3 43. Rxd3+ Kc4 0-1

[Event "IX Festival A"]
[Site "Montecatini Terme ITA"]
[Date "2000.07.30"]
[Round "2"]
[White "Ferretti, Folco"]
[Black "Tischbierek, Raj"]
[Result "0-1"]
[WhiteElo "2278"]
[BlackElo "2521"]
[PlyCount "176"]
[EventDate "2000.07.29"]

1. e4 c5 2. c3 Nf6 3. e5 Nd5 4. Nf3 Nc6 5. d4 cxd4 6. cxd4 d6 7. Bc4 Nb6 8. Bb5
dxe5 9. Nxe5 Bd7 10. Nxd7 Qxd7 11. O-O e6 12. Nc3 Be7 13. Qg4 O-O 14. Rd1 Rfd8
15. Bh6 g6 16. h4 Nd5 17. Bg5 h5 18. Qf3 Bxg5 19. hxg5 Nxc3 20. bxc3 Qd5 21.
Bxc6 bxc6 22. Qf4 Rab8 23. Qc7 Qd7 24. Qxd7 Rxd7 25. Rd2 Rb5 26. f4 Rf5 27. Rf2
c5 28. Rd1 e5 29. fxe5 Rxe5 30. dxe5 Rxd1+ 31. Rf1 Rd5 32. e6 fxe6 33. Rf6 Rxg5
34. Rxe6 Rg3 35. Ra6 Kf7 36. c4 Rc3 37. Rxa7+ Ke6 38. Rg7 Kf5 39. Rc7 Rxc4 40.
Kf2 Kf4 41. a4 Rc2+ 42. Kf1 Kg3 43. a5 Rf2+ 44. Ke1 Rf6 45. Rxc5 Kxg2 46. Rg5+
Kf3 47. Rb5 h4 48. Rb6 Rxb6 49. axb6 h3 50. b7 h2 51. b8=Q h1=Q+ 52. Kd2 Qg2+
53. Kc3 Qg3 54. Qg8 Qe5+ 55. Kd3 Qe3+ 56. Kc2 g5 57. Qf7+ Qf4 58. Qb3+ Kf2 59.
Qb6+ Kg2 60. Qc6+ Qf3 61. Qe6 g4 62. Kd2 g3 63. Qe5 Qf2+ 64. Kd1 Kg1 65. Qh5
Qe3 66. Kc2 g2 67. Kd1 Qe4 68. Kd2 Kf2 69. Qf7+ Qf3 70. Qa7+ Kg3 71. Qg7+ Qg4
72. Qc3+ Kh2 73. Qe5+ Qg3 74. Qh8+ Qh3 75. Qe5+ Kh1 76. Qe4 Qh6+ 77. Ke1 Qc1+
78. Kf2 Qb2+ 79. Kg3 Qg7+ 80. Kf2 Qf6+ 81. Kg3 Qg5+ 82. Kf2 Qd2+ 83. Kg3 Qd6+
84. Kf2 Qh2 85. Qf3 Qh4+ 86. Ke2 Qc4+ 87. Kf2 Qf1+ 88. Kg3 Qxf3+ 0-1

[Event "IX Festival A"]
[Site "Montecatini Terme ITA"]
[Date "2000.07.30"]
[Round "2"]
[White "Friedrich, Norbert"]
[Black "Skembris, Spyridon"]
[Result "0-1"]
[WhiteElo "2239"]
[BlackElo "2475"]
[PlyCount "120"]
[EventDate "2000.07.29"]

1. e4 e5 2. Nf3 Nc6 3. Bc4 Nf6 4. d3 Bc5 5. Nc3 a6 6. Bg5 h6 7. Bxf6 Qxf6 8.
Nd5 Qd8 9. c3 d6 10. d4 exd4 11. cxd4 Ba7 12. h3 O-O 13. O-O Ne7 14. Rc1 c6 15.
Nxe7+ Qxe7 16. Re1 b5 17. Bb3 Bb7 18. e5 Rad8 19. e6 d5 20. Ne5 fxe6 21. Ng6
Qf6 22. Nxf8 Rxf8 23. Qg4 Bxd4 24. Qxe6+ Qxe6 25. Rxe6 Rxf2 26. Kh1 Bxb2 27.
Rcxc6 Bxc6 28. Rxc6 Rf1+ 29. Kh2 Be5+ 30. g3 Rf2+ 31. Kg1 Rd2 32. Rxa6 Bxg3 33.
Ra5 Kf7 34. Rxb5 Ke6 35. a4 Kd6 36. a5 Bf2+ 37. Kf1 Bc5 38. a6 Rf2+ 39. Ke1 Rh2
40. Ra5 Rxh3 41. Bxd5 Re3+ 42. Kf1 Ba7 43. Bg2 g6 44. Rd5+ Ke6 45. Rd8 Ra3 46.
Be4 g5 47. Rh8 Ke5 48. Bb7 g4 49. Rxh6 Ra2 50. Rg6 Kf4 51. Ba8 g3 52. Bb7 Bd4
53. Rg8 Bc5 54. Rg6 Bd4 55. Rg8 Bc5 56. Rg6 Bb4 57. Bg2 Bc3 58. Rg8 Be5 59.
Rf8+ Kg4 60. Rg8+ Kh4 0-1